<?xml version="1.0" encoding="UTF-8"?>
<marc:record xmlns:marc="http://www.loc.gov/MARC21/slim">
   <marc:leader>00000nam a2200000 a 4500</marc:leader>
   <marc:datafield ind1="1" ind2=" " tag="100">
      <marc:subfield code="a">Singer, Claire</marc:subfield>
      <marc:subfield code="4">aut</marc:subfield>
      <marc:subfield code="e">Verfasser/-in</marc:subfield>
   </marc:datafield>
   <marc:datafield ind1="0" ind2="0" tag="245">
      <marc:subfield code="a">Bens gnadenlos peinliches Sommerchaos</marc:subfield>
   </marc:datafield>
   <marc:datafield ind1="0" ind2="0" tag="245">
      <marc:subfield code="c">Claire Singer ; mit Illustrationen von Eva Muszynski</marc:subfield>
   </marc:datafield>
   <marc:datafield ind1=" " ind2="1" tag="264">
      <marc:subfield code="a">Köln</marc:subfield>
      <marc:subfield code="b">Baumhaus</marc:subfield>
      <marc:subfield code="c">2016</marc:subfield>
   </marc:datafield>
   <marc:datafield ind1=" " ind2=" " tag="250">
      <marc:subfield code="a">Originalausgabe</marc:subfield>
   </marc:datafield>
   <marc:datafield ind1="1" ind2=" " tag="520">
      <marc:subfield code="a">Angaben aus der Verlagsmeldung

Bens gnadenlos peinliches Sommerchaos : Band 2 / von Claire Singer

Ben ist kurz davor, ein computersüchtiger Nerd zu werden. Da hilft nur noch ein Zwangsurlaub bei Oma auf dem Lande. Nichts als bayerische Natur, Lurche und Frösche. Aber Ben wäre nicht Ben, wenn es ihm nicht auch hier gelänge, Unsinn anzuzetteln.
Mit Hilfe der süßen Nachbarstochter Lucy organisiert er einen Sitzstreik zur Rettung der Kröten auf ihren Wanderwegen. Sogar Oma nimmt daran teil. Als der Protest von der Polizei unsanft aufgelöst wird, ist Oma allerdings verschwunden. Kein Problem für einen echten von Stribbern. Jetzt kann Ben erst recht zeigen, was in ihm steckt!

Frecher Lesespaß für Jungs und alle Fans von "Greg", "Hugo" &amp; Co.
</marc:subfield>
   </marc:datafield>
   <marc:datafield ind1=" " ind2=" " tag="020">
      <marc:subfield code="a">9783833903861</marc:subfield>
      <marc:subfield code="9">9783833903861</marc:subfield>
   </marc:datafield>
   <marc:datafield ind1=" " ind2=" " tag="020">
      <marc:subfield code="a">3833903864</marc:subfield>
      <marc:subfield code="9">3833903864</marc:subfield>
   </marc:datafield>
   <marc:datafield ind1=" " ind2=" " tag="300">
      <marc:subfield code="a">258 Seiten</marc:subfield>
   </marc:datafield>
</marc:record>
